| 000 | 00645nam a22001937a 4500 | ||
|---|---|---|---|
| 999 |
_c168421 _d168421 |
||
| 005 | 20191007155719.0 | ||
| 010 | _aENG-126614 | ||
| 020 |
_a9789353280833 _c350.00 |
||
| 035 | _aEN-110146 | ||
| 037 | _bDBAD/PUB | ||
| 082 | _a150.00 | ||
| 100 | _aBansal, Parul | ||
| 245 |
_aPsychology : _cParul Bansal _bdebates and controversies / |
||
| 260 |
_aNew Delhi _bSAGE Publications _c2019 |
||
| 270 |
_aB1/1-1, Mohan Cooperative Industrial Area _bMathura Road, New Delhi _e110044 _mwww.sagepub.in |
||
| 300 |
_avarious paging. _c24cm(pbk) |
||
| 500 | _aIncludes bibliographical references and index | ||
| 942 |
_2ddc _cEN _h150 _mBAN |
||